| 000 | 00399nab a2200145Ia 4500 | ||
|---|---|---|---|
| 003 | ES-SlBCS | ||
| 005 | 20210601124957.0 | ||
| 008 | 140529s1991 xxu||||| |||| 00| 0 eng d | ||
| 041 | _aeng | ||
| 100 | 1 |
_aGoldstein, Leon J. _9152121 |
|
| 245 | 0 | 0 |
_aHistorical Being _c Leon J. Goldstein |
| 650 | 0 | 4 |
_aSer _9124570 |
| 773 | 0 |
_tMonist, the _gvol. 74, nº. 2, 1991, págs. 206-217 _wRev1667 |
|
| 942 | _cAR | ||
| 999 |
_c522707 _d522707 |
||